000
00282nam a2200109Ia 4500
008
200302s9999 xx 000 0 und d
100
_a
Kathleen Mccormick
245
_a
The Garden Lovers Guide To The West
260
_b
Princeton Architectural Press
260
_c
2000
300
_a
174 P
999
_c
4908
_d
4908